[Event "BL 2016-17"]
[Site "St. Veit/Glan"]
[Date "2017.03.23"]
[Round "5"]
[White "Nisipeanu, Liviu-Dieter"]
[Black "Lenic, Luka"]
[Result "1/2-1/2"]
[WhiteElo "2680"]
[BlackElo "2640"]
[Annotator "TA"]
[PlyCount "67"]
[EventDate "2017.??.??"]
[EventType "team-tourn"]
[EventCountry "AUT"]
[SourceTitle "playchess.com"]
[Source "ChessBase"]
[SourceQuality "1"]
[WhiteTeam "Jenbach"]
[BlackTeam "Feffernitz"]

{[%evp 9,67,-25,0,0,-3,-14,-8,-19,-20,-22,-16,-35,-30,-33,-16,-41,-48,-42,-43,-47,-35,-45,-44,-76,-26,-26,-22,-39,-27,-22,-14,-43,-45,-67,-29,-29,-29,-29,-29,-29,-17,-29,-29,-29,-29,-49,-15,-16,-18,-65,-70,-70,-23,-75,-20,-48,-35,-39,0,-37]} 1. c4 e6 2. Nf3 d5 3. g3 dxc4 4. Bg2 a6 5. Qc2 Nf6 {LiveBook: 43 Games} 6. Qxc4 {A13: English Opening: 1...e6} b5 7. Qc2 (7. Qb3 $5 {is more complex.} Bb7 8. a4 Nbd7 9. axb5 axb5 10. Rxa8 Qxa8 11. Qxb5 Bd6 12. Nc3) 7... Bb7 8. d3 $146 (8. O-O Nbd7 9. a4 c5 10. d3 Be7 11. Nc3 Qb6 12. Qb3 Nd5 13. axb5 axb5 14. Rxa8+ Bxa8 15. Bg5 Nxc3 16. Qxc3 Bxg5 17. Nxg5 O-O 18. Ra1 Bxg2 19. Kxg2 Qc6+ 20. Nf3 Ra8 21. Rxa8+ {½-½ (21) Muneret,M (2507)-Garcia Corada,P (2516) ICCF email 2009}) 8... Be7 9. O-O c5 10. Bg5 O-O 11. a4 Nbd7 {[%cal Bb8d7,Bd7f6,Bf6d5,Bd5b4][%mdl 32]} 12. Nbd2 h6 13. Bxf6 Nxf6 14. Rfc1 Nd5 15. Ne4 Nb4 16. Qb1 Bxe4 17. dxe4 Qb6 18. e5 Rac8 19. axb5 axb5 20. Qe4 c4 21. Rd1 c3 22. bxc3 Nd5 23. Rxd5 $1 exd5 24. Qd3 $1 Qc5 25. Nd4 Qxc3 26. Qxc3 Rxc3 27. Nxb5 Rc5 28. Nd4 $1 Rfc8 {Threatening ...Rc1+.} 29. Bf3 Rc1+ 30. Rxc1 Rxc1+ 31. Kg2 {[#]} Rc5 ({Better is} 31... Bc5 $1 $17 {[%cal Rc5d4]} 32. Nb3 Rc2) 32. Nb3 Rb5 33. Nd4 Rc5 34. Nb3 1/2-1/2

[Event "BL 2016-17"]
[Site "St. Veit/Glan"]
[Date "2017.03.23"]
[Round "5"]
[White "Melkumyan, Hrant"]
[Black "Bosiocic, Marin"]
[Result "1/2-1/2"]
[WhiteElo "2627"]
[BlackElo "2602"]
[Annotator "TA"]
[PlyCount "115"]
[EventDate "2017.??.??"]
[EventType "team-tourn"]
[EventCountry "AUT"]
[SourceTitle "playchess.com"]
[Source "ChessBase"]
[SourceQuality "1"]
[WhiteTeam "Wulkaprodersdorf"]
[BlackTeam "St. Veit"]

{[%evp 17,115,25,25,24,28,24,27,27,27,12,12,8,14,0,18,18,22,22,25,4,5,0,0,0,0,0,0,0,0,0,0,0,0,0,0,0,0,0,0,0,0,0,0,0,0,0,0,0,0,0,0,0,0,0,0,0,0,0,0,0,0,0,0,0,0,0,0,0,0,0,0,0,0,0,0,0,0,0,0,0,0,0,0,0,0,0,0,0,0,0,0,0,0,0,0,0,0,0,0,0]} 1. d4 Nf6 2. Nf3 e6 3. g3 d5 4. c4 Be7 5. Bg2 O-O 6. O-O c6 7. Nc3 b6 8. Bf4 Nbd7 9. Ne5 Bb7 10. e4 {E16: Queen's Indian: 4 g3 Bb7 5 Bg2 Bb4+} Nxe5 11. dxe5 ({But not} 11. Bxe5 dxc4 12. Rc1 Qc8 $15) 11... Nxe4 12. Nxe4 {White has an edge.} dxe4 13. Qg4 {Bh6 is the strong threat.} Qc7 ({Reject} 13... Qd4 $6 14. Rad1 Qxb2 15. Rd7 $16 (15. Bxe4 Rfd8 16. Bg5 Rxd1 17. Rxd1 Bc5 $17)) 14. Bxe4 Rfd8 15. Rad1 Rxd1 $146 (15... c5 16. Bh6 g6 17. h4 Rab8 18. Bxb7 Qxb7 {½-½ (47) Ivanov,S (2574)-Yemelin,V (2555) St Petersburg 2005}) 16. Rxd1 Rd8 17. Rxd8+ Qxd8 18. Qf3 Qd4 {The position is equal.} 19. b3 g5 20. Be3 Qxe5 (20... Qa1+ $5 21. Kg2 $8 Qxe5 $11) 21. Bxc6 Bxc6 22. Qxc6 Bc5 23. Bxc5 bxc5 $11 {[%mdl 4096] Endgame KQ-KQ} 24. h3 Kg7 25. Kg2 h5 {[%cal Bh7h5,Bh5h4][%mdl 32]} 26. Qf3 Kg6 $1 27. Qa8 h4 28. g4 Kg7 29. a3 Qd4 30. Qc6 a5 31. Qa8 Qc3 32. Qd8 Kg6 33. Qg8+ Qg7 34. Qc8 Qe5 35. Qc6 Kg7 36. Qb7 Kg6 37. Qa8 Qc3 38. Qb8 Qd4 39. Qg8+ Qg7 40. Qd8 Qc3 41. Qb6 a4 42. bxa4 {aiming for a5.} Qxc4 43. Qc6 Qc3 44. Qf3 Qa5 45. Qc6 Qc3 46. Qf3 Qa5 47. Qe4+ Kf6 48. Qe3 Qa8+ 49. Kg1 Qa5 50. Kf1 Qa6+ 51. Ke1 Qa5+ 52. Kf1 Qa6+ 53. Kg1 Qa5 54. Qc1 Kg6 55. Qc4 Kf6 56. Qc1 Kg6 57. Qb1+ Kf6 58. Qc1 1/2-1/2

[Event "BL 2016-17"]
[Site "St. Veit/Glan"]
[Date "2017.03.23"]
[Round "5"]
[White "Buhmann, Rainer"]
[Black "Theuretzbacher, Klaus"]
[Result "1-0"]
[WhiteElo "2625"]
[BlackElo "2249"]
[Annotator "TA"]
[PlyCount "59"]
[EventDate "2017.??.??"]
[EventType "team-tourn"]
[EventCountry "AUT"]
[SourceTitle "playchess.com"]
[Source "ChessBase"]
[SourceQuality "1"]
[WhiteTeam "Maria Saal"]
[BlackTeam "St. Valentin"]

{[%evp 6,59,75,20,74,70,69,14,18,22,22,19,34,28,26,30,36,-5,17,-4,22,22,25,-3,24,22,43,35,66,62,162,158,165,148,136,133,318,314,305,291,308,260,1042,981,1054,1018,1892,1851,1741,1807,1700,1566,3875,3688,29994,29995]} 1. Nf3 b5 2. e4 Bb7 3. Bxb5 Bxe4 4. Nc3 (4. d4 $16) 4... Bg6 {A04: Unusual lines after 1 Nf3 and King's Indian Attack} (4... Bb7 $11 {keeps the balance.}) 5. Ne5 c6 6. Be2 $146 (6. Ba4 $14) (6. Qf3 Nf6 7. Ba4 e6 8. O-O Be7 9. d4 O-O 10. Nxg6 hxg6 11. Ne2 Qa5 12. Bb3 d5 13. c3 Nbd7 14. Bc2 Qb6 15. b4 a5 16. a3 axb4 17. cxb4 e5 18. Bb2 Bd6 19. dxe5 {½-½ (19) Saldano Dayer,H (2440)-Brito,L (2247) Fortaleza 2012}) 6... d6 $11 {The position is equal.} 7. Nxg6 hxg6 8. d4 e6 9. Ne4 d5 10. Ng5 Be7 11. h4 Nh6 12. Nf3 Nf5 13. Kf1 Nd7 14. g3 Qb6 15. Kg2 Nf6 16. c3 Ne4 17. Bd3 Ned6 (17... Rd8 $14) 18. Qe2 $18 c5 {[#]} 19. dxc5 $1 Qxc5 20. Bf4 O-O $2 (20... Qc6 $16) 21. g4 {[%cal Bg3g4,Bg4g5][%mdl 32]} Nh6 22. g5 Nhf5 23. h5 gxh5 $2 (23... Ne4 24. hxg6 Bd6) 24. Rxh5 g6 25. Rh3 Kg7 26. Rah1 {[#] Threatening mate with Rh7+.} Rg8 27. Be5+ Kf8 28. Rh8 {White wants to mate with Rxg8+.} Ng7 29. Bxg7+ Kxg7 30. Qe5+ 1-0

[Event "BL 2016-17"]
[Site "St. Veit/Glan"]
[Date "2017.03.23"]
[Round "5"]
[White "Prohaszka, Peter"]
[Black "Georgiadis, Nico"]
[Result "1-0"]
[WhiteElo "2594"]
[BlackElo "2478"]
[Annotator "TA"]
[PlyCount "77"]
[EventDate "2017.??.??"]
[EventType "team-tourn"]
[EventCountry "AUT"]
[SourceTitle "playchess.com"]
[Source "ChessBase"]
[SourceQuality "1"]
[WhiteTeam "Wien-SK Ottakring"]
[BlackTeam "Götzis"]

{[%evp 13,77,0,0,0,0,0,9,-13,0,0,-7,-12,0,-12,-5,-18,-17,-23,0,0,0,-6,25,14,9,10,69,-7,0,0,0,0,0,0,0,0,0,0,35,27,78,77,69,79,69,69,61,45,85,83,158,158,158,158,163,152,807,807,801,789,2125,1794,6379,1138,29993,29994]} 1. d4 Nf6 2. Nf3 g6 3. Bf4 Bg7 4. c3 O-O 5. h3 d6 6. e3 Nbd7 7. Be2 b6 8. a4 {A48: 1 d4 Nf6 2 Nf3 g6: Torre, London and Colle Systems} a5 9. O-O Bb7 10. Bh2 {The position is equal.} Re8 11. Nfd2 $146 (11. Na3 Ne4 12. Nc4 e6 13. Nfd2 Nxd2 14. Nxd2 e5 {½-½ (68) Grachev,B (2628)-Rakhmanov,A (2662) Sochi 2016}) 11... e5 12. Na3 Qe7 13. Nac4 h5 14. Bf3 e4 15. Be2 Nf8 16. Na3 Ne6 17. Nb5 Ba6 18. c4 Rad8 19. Nc3 c5 (19... Bh6 $11) 20. Nd5 ({Stronger than} 20. Ncxe4 Nxe4 21. Nxe4 cxd4 $17) ({White should try} 20. d5 $14 Nd4 21. Bf4 (21. exd4 cxd4 22. Ncxe4 Nxe4 23. Nxe4 Qxe4 $14)) 20... Nxd5 $11 21. cxd5 Bxe2 22. Qxe2 Nc7 23. dxc5 bxc5 24. Nc4 {[%cal Bd2c4,Bc4a5,Ba5b7,Bb7d6][%mdl 32]} Nxd5 25. Rfd1 Qe6 26. Nxa5 Nb4 {[#]} (26... Ra8 $11 27. Nc4 Red8) 27. Nb7 $1 $16 Rd7 28. Rxd6 Rxd6 29. Nxd6 Rd8 30. Qb5 {Black must now prevent Nb7.} Bxb2 31. Rb1 Be5 (31... Nd3 $142) 32. Bxe5 Qxe5 {[#]} 33. Nb7 $1 {[%cal Rb7d8]} Rd2 34. Nxc5 ({Reject} 34. Qxc5 $6 Qf6 35. Rf1 Nd3 $11) 34... Qf5 $2 (34... Rd5 $16 35. Nd7 (35. Qxb4 Rxc5 36. Qb8+ Qxb8 37. Rxb8+ Kg7 $16) 35... Rxb5 36. Nxe5 Rxe5) 35. Qe8+ $18 Kg7 36. Nxe4 Rxf2 37. Rxb4 Rf1+ 38. Kh2 {Rb8 would kill now.} Re1 39. Rb8 1-0

[Event "BL 2016-17"]
[Site "St. Veit/Glan"]
[Date "2017.03.23"]
[Round "5"]
[White "Danin, Alexandre"]
[Black "Volokitin, Andrei"]
[Result "1/2-1/2"]
[WhiteElo "2584"]
[BlackElo "2649"]
[Annotator "TA"]
[PlyCount "120"]
[EventDate "2017.??.??"]
[EventType "team-tourn"]
[EventCountry "AUT"]
[SourceTitle "playchess.com"]
[Source "ChessBase"]
[SourceQuality "1"]
[WhiteTeam "Feffernitz"]
[BlackTeam "Jenbach"]

{[%evp 17,120,0,0,8,0,0,7,24,14,4,9,6,6,-11,0,-16,0,-70,-58,-53,-55,-82,-73,-77,-64,-85,-91,-162,-44,-55,-52,-77,-77,-62,-50,-49,-67,-69,-41,-29,0,-91,-62,-95,-88,-89,-80,-144,-109,-104,-72,-117,-123,-83,-20,-12,-20,-47,-8,-8,-8,-29,0,0,44,75,29,29,233,233,212,191,183,101,161,0,68,68,96,68,68,72,77,52,67,0,0,0,0,0,0,0,0,0,0,0,0,0,0,0,0,0,0,0,0]} 1. e4 c5 2. Nf3 d6 3. d4 cxd4 4. Nxd4 Nf6 5. f3 e5 6. Nb3 d5 7. Bg5 {B55: Sicilian: 2...d6 3 d4 cxd4 4 Nxd4 Nf6 5 f3} d4 (7... Be6 8. Bxf6 gxf6 9. exd5 Qxd5 10. Qxd5 Bxd5 11. Bb5+ Bc6 12. Bd3 Nd7 13. N1d2 a5 14. a3 a4 {0-1 (42) Topalov,V (2760)-Nakamura,H (2779) Saint Louis 2016}) 8. c3 Nc6 9. cxd4 Bb4+ {LiveBook: 3 Games} 10. Bd2 {[#]} Nxe4 $146 {[%mdl 512] Hoping for ...Qh4+.} (10... exd4 11. Bb5 Be7 12. Ba5 Qd6 13. Qxd4 Bd7 14. Qxd6 Bxd6 15. Bxc6 Bxc6 {1-0 (46) Kasparov,S (2482)-Richter,G (2078) Berlin 2015}) 11. Bxb4 (11. fxe4 Qh4+) 11... Qh4+ $1 (11... Nxb4 12. Bb5+ Kf8 13. fxe4 $16) 12. g3 Nxg3 $1 13. hxg3 Qxh1 14. Ba3 Bh3 $132 {[%mdl 2048] Black puts up resistance (4)} 15. Qe2 O-O-O 16. N1d2 Bxf1 17. Nxf1 (17. Qxf1 $11 Qxf1+ 18. Kxf1) 17... exd4 18. O-O-O Rhe8 19. Qd3 Kb8 20. Qf5 Ne5 21. Nfd2 Qg2 22. f4 (22. Kb1 $17) 22... Rc8+ (22... Nf3 $1 $19 {[%cal Rf3d2]} 23. Qg4 Nxd2 24. Nxd2 Qc6+ 25. Kb1 d3) 23. Kb1 $15 Nf3 24. Qd3 Re3 $1 {[%cal Re3d3]} 25. Qf5 {White wants to mate with Bd6+.} (25. Bd6+ $2 Ka8 26. Qf1 Nxd2+ 27. Nxd2 Qd5 $17) 25... Nxd2+ 26. Nxd2 {Intending Bd6+ and mate.} Qc6 {aiming for ...g6.} 27. Qxh7 d3 {( -> ...Qc1+!)} 28. Qh1 $1 (28. Ka1 $2 Qc1+ $1 {[%mdl 512]} 29. Nb1 Qxd1 $19) 28... Rxg3 29. Qf1 (29. Qxc6 $11 Rxc6 30. Ne4) 29... Qc2+ $17 30. Ka1 {[#]} Rg2 $1 {[%mdl 512]} 31. Nb1 (31. Qxg2 Qxd1+) 31... Qe2 {Threatens to win with ...Rc2.} 32. Bd6+ ({White should try} 32. Qh1) 32... Ka8 {[%csl Gg2][%cal Re2b2]} 33. Be5 a6 {[%cal Ba7a6,Ba6a5][%mdl 32]} 34. Re1 Qxf1 35. Rxf1 Rcc2 ({Black should play} 35... b6 $17 36. Rd1 f6) 36. Rd1 $11 f6 37. Bc3 b5 38. a3 ({Of course not} 38. Rxd3 Rc1 39. Bd4 Re2 $17) 38... a5 39. Rxd3 Rg1 {Strongly threatening ...Rcc1.} 40. Bd2 (40. Bxa5 $2 Rcc1 41. Ka2 (41. Rd8+ $2 Kb7 42. Rd7+ Ka6 $19) 41... Rxb1 $19) 40... g5 41. fxg5 ({But not} 41. Bxa5 Rcc1 42. Rd8+ Kb7 43. Rd7+ Ka6 $17) 41... fxg5 42. Ka2 (42. Bxa5 $2 Rcc1 43. Rd5 (43. Rd8+ $2 Kb7 44. Rd7+ Ka6 $19) 43... Rxb1+ 44. Ka2 g4 45. Rxb5 Rbf1 $17) 42... Kb7 $2 (42... a4 $1 $11) 43. Bxa5 $18 g4 44. Rd7+ Kc8 {[#]} 45. Rd8+ $1 Kb7 {[#]} 46. Rd7+ (46. Nd2 $1 $18) 46... Kc8 $1 $14 {[%cal Rc8d7]} 47. Rg7 g3 48. Kb3 Rgg2 49. Bc3 Rcf2 50. Be5 Re2 51. Rxg3 (51. Bd4 $14) 51... Rxg3+ $11 {The position is equal.} 52. Bxg3 {Black must now prevent Nc3.} Re3+ 53. Nc3 {Bf2 is the strong threat.} Rxg3 {[%mdl 4096] Endgame KR-KN} 54. Kb4 Rg2 55. b3 Kb7 56. Kxb5 Rg3 57. Kc4 $1 Rg4+ 58. Kc5 Rg5+ 59. Kd4 Rg4+ 60. Kc5 Rg3 1/2-1/2

[Event "BL 2016-17"]
[Site "St. Veit/Glan"]
[Date "2017.03.23"]
[Round "5"]
[White "Papp, Gabor"]
[Black "Kessler, Luca"]
[Result "1-0"]
[WhiteElo "2579"]
[BlackElo "2454"]
[Annotator "TA"]
[PlyCount "55"]
[EventDate "2017.03.24"]
[EventType "team-tourn"]
[EventCountry "AUT"]
[SourceTitle "playchess.com"]
[Source "ChessBase"]
[SourceQuality "1"]
[WhiteTeam "Wien-SK Ottakring"]
[BlackTeam "Götzis"]

{[%evp 20,55,41,26,34,42,29,27,88,85,80,72,118,75,205,208,294,278,362,243,743,735,731,721,1112,1102,1750,1697,1654,1697,2547,5265,29994,29990,29995,29996,29996,29997]} 1. e4 d6 2. d4 Nf6 3. Nc3 e5 4. Nf3 Nbd7 5. Bc4 Be7 6. O-O O-O 7. a4 c6 8. h3 Nxe4 9. Nxe4 d5 10. Re1 {C41: Philidor Defence} exd4 11. Bxd5 {LiveBook: 6 Games} cxd5 12. Ng3 {White is slightly better.} Nc5 13. Nxd4 g6 $146 (13... Re8 $11) (13... Re8 14. Qf3 Bf8 15. Rxe8 Qxe8 16. b3 Qe1+ 17. Nf1 Qe5 {1-0 (39) Mista,A (2592)-Eliseev,E (2334) Krakow 2016}) 14. Bh6 $16 Re8 15. Qf3 Ne6 16. Rad1 Nxd4 (16... Bf8 $16 {was called for.} 17. Qe3 Bxh6 18. Qxh6 Nxd4 19. Rxe8+ Qxe8 20. Rxd4 Qe5) 17. Rxd4 $18 Be6 {[#]} (17... Bf8 $142 18. Rxe8 Qxe8) 18. Nh5 $1 {[%cal Bg3h5,Bh5g7,Bg7e8,Be8d6][%mdl 544]} Rc8 (18... gxh5 19. Qg3+) 19. Ng7 Bf6 $2 (19... Qd6 20. Nxe8 Rxe8) 20. Nxe8 Bxd4 {[#]} 21. Rxe6 $1 {[%mdl 512]} Qh4 (21... fxe6 22. Qf8#) 22. Nd6 fxe6 23. Qf7+ ({Weaker is} 23. Nxc8 Qxh6 24. Qg4 (24. Ne7+ $2 Kg7 25. Qe2 Qc1+ 26. Kh2 Qf4+ 27. Kg1 Qc1+ 28. Kh2 Qf4+ 29. Kg1 Qc1+ $19) 24... Bxf2+ $1 {[%mdl 512]} 25. Kxf2 Qf8+ 26. Kg3 Qxc8 $17) 23... Kh8 24. Nxc8 {[%cal Rf7f8]} Qxh6 {[#]} 25. Ne7 $1 {[%csl Ge7][%cal Rf7g8]} ({And not} 25. Qe8+ Kg7 26. Qe7+ Kh8 27. Qe8+ Kg7 28. Qe7+ Kh8 29. Qe8+ $11) 25... Qc1+ 26. Kh2 {[%csl Ge7][%cal Rf7g8] White mates.} Be5+ 27. g3 Bxg3+ 28. Kg2 1-0

[Event "BL 2016-17"]
[Site "St. Veit/Glan"]
[Date "2017.03.23"]
[Round "5"]
[White "Naumann, Alexander"]
[Black "Kranzl, Peter"]
[Result "1-0"]
[WhiteElo "2568"]
[BlackElo "2168"]
[Annotator "TA"]
[PlyCount "105"]
[EventDate "2017.??.??"]
[EventType "team-tourn"]
[EventCountry "AUT"]
[SourceTitle "playchess.com"]
[Source "ChessBase"]
[SourceQuality "1"]
[WhiteTeam "Maria Saal"]
[BlackTeam "St. Valentin"]

{[%evp 19,105,21,34,20,34,41,35,37,29,40,27,22,25,19,41,22,62,63,51,52,57,50,83,61,61,45,30,6,4,10,11,9,9,0,5,0,8,6,7,8,18,0,0,0,0,0,-3,-12,-10,-13,-11,-16,-15,-13,-8,-9,-16,-22,0,0,0,-20,0,0,4,0,0,-17,-8,-23,-32,-128,-132,-132,-50,-44,-55,-81,170,148,142,129,259,238,562,558,503,491]} 1. Nf3 Nf6 2. c4 g6 3. g3 Bg7 4. Bg2 O-O 5. O-O d6 6. d4 c6 7. Nc3 Bf5 8. Ne1 e5 9. d5 cxd5 10. cxd5 Na6 11. e4 {E62: King's Indian: Fianchetto: 6...c6 and Panno Variation (6...Nc6) without ...a6} Bg4 12. f3 Bd7 (12... Qb6+ 13. Kh1 Bd7 14. Nd3 Rfc8 15. Qe2 Nb4 16. Be3 Qa5 17. Nf2 Na6 18. a3 Qd8 19. Nb5 Bxb5 20. Qxb5 Nh5 21. Bh3 Rc7 22. Rac1 {½-½ (22) Markus,R (2621)-Barlov,D (2440) Kragujevac 2015}) 13. Be3 {White is slightly better.} Ne8 14. Nd3 f5 15. Qd2 Nf6 16. Kh1 Rf7 17. f4 $146 (17. b4 b6 18. a4 Qe7 {0-1 (48) Matnadze,A (2280)-Zozulia,A (2353) Patras 1999}) 17... Ng4 18. fxe5 Nxe5 19. Nxe5 Bxe5 20. Rae1 Qa5 21. Bf4 Bxf4 22. Rxf4 Raf8 23. e5 dxe5 24. Rxe5 Qc5 25. Re1 Qd6 26. Qd4 b6 27. Qe5 Rf6 {[%cal Bf7f6,Bf6d6,Bd6d7][%mdl 32]} 28. Qxd6 Rxd6 29. Re7 Nc7 30. g4 Re8 31. Rxe8+ Nxe8 32. gxf5 Bxf5 33. Nb5 Rd7 34. Nd4 Nd6 35. Nc6 Kg7 36. Kg1 Nc8 37. Ra4 Kf6 38. Kf2 Rc7 39. Ke3 g5 40. Kd4 a5 41. Ra3 g4 42. Re3 Nd6 43. Rb3 Rb7 {...Bc2 is the strong threat.} 44. Ke3 Kg5 45. Bf1 (45. Kf2 $15) 45... Bc2 $17 {And now ...Nf5+ would win.} 46. Rc3 Rf7 (46... Nf5+ $17 47. Kf2 Be4) 47. Be2 Be4 48. Nd8 Rf5 $2 {[%mdl 8192] [#]} (48... Re7 $1 $17 49. Ne6+ Kf6) 49. Rc6 $1 $18 {[%csl LRb6,LRd6]} (49. Nb7 Nxb7 50. Kxe4 Nc5+ 51. Kd4 Rf2 $17) 49... Bf3 {[#] aiming for ...Re5+.} 50. Bd3 $1 $36 {[%mdl 2048] White has strong initiative.} ({Don't play} 50. Rxd6 $6 Re5+ 51. Kd3 Rxe2 52. Ne6+ (52. Rxb6 Rxh2 53. Ne6+ Kf6 $11) 52... Kf6 $11) 50... Re5+ (50... Bxd5 $16 51. Rxd6 Rf3+ 52. Kd4 Bxa2 53. Rxb6 Rf2 54. Bxh7 Rxh2) 51. Kf2 Ne4+ $2 (51... Kf4 {is tougher.}) 52. Bxe4 $1 Rxe4 53. Nf7+ 1-0

[Event "BL 2016-17"]
[Site "St. Veit/Glan"]
[Date "2017.03.23"]
[Round "5"]
[White "Wagner, Dennis"]
[Black "Skoberne, Jure"]
[Result "1-0"]
[WhiteElo "2568"]
[BlackElo "2569"]
[Annotator "TA"]
[PlyCount "73"]
[EventDate "2017.??.??"]
[EventType "team-tourn"]
[EventCountry "AUT"]
[SourceTitle "playchess.com"]
[Source "ChessBase"]
[SourceQuality "1"]
[WhiteTeam "Jenbach"]
[BlackTeam "Feffernitz"]

{[%evp 14,73,43,42,56,48,73,87,91,74,90,90,91,88,80,87,127,123,155,172,144,152,233,186,257,266,287,129,129,129,296,294,285,274,321,321,406,413,412,408,391,300,330,328,324,323,310,306,308,273,379,374,345,318,394,383,437,437,437,437,437,437]} 1. d4 Nf6 2. c4 g6 3. Nc3 Bg7 4. e4 d6 5. Nf3 O-O 6. Be2 e5 7. O-O Bg4 8. d5 Nh5 {E94: King's Indian: Classical: 6 Be2 e5 7 0-0: Various Black 7th moves} 9. Bg5 $146 (9. g3 Nd7 10. Be3 h6 11. Qd2 Bh3 12. Rfe1 Kh7 13. Kh1 Ndf6 14. Ng1 Bd7 15. Qd1 Qc8 16. Kg2 g5 17. h3 {0-1 (39) Ftacnik,L (2560)-Schmidt,K Aarhus 1983}) 9... f6 10. Be3 Nf4 {White is better.} 11. Bxf4 $1 exf4 12. Nd4 Bd7 13. Qd2 f5 14. exf5 Bxd4 15. Qxd4 Rxf5 16. c5 dxc5 17. Qxc5 Be8 (17... Na6 $16 18. Qc4 Rf7) 18. Bg4 Nd7 {[#]} (18... Rf8 $142 19. Ne4 Bd7) 19. Qd4 $1 $18 ({Don't do} 19. Qb4 $6 Rf8 20. Rad1 (20. Qxb7 Ne5 $16) 20... Nf6 $16) 19... Rf8 {[#]} 20. Be6+ (20. Ne4 $1 $18 {and the rest is easy.}) 20... Bf7 $16 21. Ne4 $36 {[%mdl 2048] Bxd7 is the strong threat. White is in control.} c5 $2 (21... Bxe6 $16 22. dxe6 Nb6 23. Qxd8 Rfxd8) 22. dxc6 $18 ({Weaker is} 22. Nxc5 Nxc5 23. Qxc5 f3 $16) 22... Bxe6 23. cxd7 Bxd7 24. Qd5+ Kh8 25. Qe5+ Kg8 26. Rad1 ({Less strong is} 26. Qd5+ Rf7 27. Rad1 Qb6 $18) 26... Rf7 27. Qd5 Qe7 {Hoping for ...Bc6.} 28. Ng5 Bc6 29. Qxf7+ Qxf7 30. Nxf7 Kxf7 {[%mdl 4096] Endgame KRR-KRB} 31. f3 a5 32. Rfe1 a4 33. h4 a3 34. bxa3 Rxa3 35. Rd4 {White is clearly winning.} Rxa2 36. Rxf4+ Kg8 37. Re7 1-0

[Event "BL 2016-17"]
[Site "St. Veit/Glan"]
[Date "2017.03.23"]
[Round "5"]
[White "Brkic, Ante"]
[Black "Kraemer, Martin"]
[Result "1/2-1/2"]
[WhiteElo "2560"]
[BlackElo "2571"]
[Annotator "TA"]
[PlyCount "93"]
[EventDate "2017.??.??"]
[EventType "team-tourn"]
[EventCountry "AUT"]
[SourceTitle "playchess.com"]
[Source "ChessBase"]
[SourceQuality "1"]
[WhiteTeam "St. Veit"]
[BlackTeam "Wulkaprodersdorf"]

1. e4 $146 (1. d4 Nf6 2. c4 b6 3. Nc3 Bb7 4. Qc2 g6 5. e4 d6 6. Nf3 Bg7 7. Be2 O-O 8. O-O e5 9. Rd1 exd4 10. Nxd4 Nc6 11. Nxc6 Bxc6 12. Bg5 h6 13. Be3 Re8 14. f3 Kh7 15. Bd4 Nd7 16. Bxg7 Kxg7 {1-0 (45) Vitiugov,N (2725)-Mamedyarov,S (2736) Berlin 2015}) 1... c5 2. Nf3 d6 3. d4 cxd4 4. Nxd4 Nf6 5. Nc3 a6 6. g3 e6 7. Bg2 Be7 8. O-O O-O 9. a4 Nc6 10. Be3 Bd7 11. Qe2 Nxd4 12. Bxd4 Bc6 13. Rfd1 Rc8 14. a5 Nd7 15. b4 Re8 16. b5 axb5 17. Nxb5 Ra8 18. Bc3 Bxb5 19. Qxb5 Qc7 20. Bd4 Reb8 21. c4 Ra6 22. e5 dxe5 23. Be3 Nc5 24. Bxc5 Qxc5 25. Bxb7 Rd6 26. Rxd6 Bxd6 27. Qxc5 Bxc5 28. a6 Ba7 29. Rd1 Kf8 30. Rd7 Bc5 31. Kg2 Re8 32. Bc6 Rc8 33. Bb7 Re8 34. Rc7 Bb6 35. Rc6 Ba7 36. Kf3 Rd8 37. Ke2 Ke7 38. Bc8 Bb8 39. c5 g6 40. Bb7 Ba7 41. Rb6 Rd7 42. Bc6 Rc7 43. Kd3 Kd8 44. Kc4 f5 45. Rb7 Rxb7 46. Bxb7 e4 47. Bc6 1/2-1/2

[Event "BL 2016-17"]
[Site "St. Veit/Glan"]
[Date "2017.03.23"]
[Round "5"]
[White "Rozentalis, Eduardas"]
[Black "Henrichs, Thomas"]
[Result "1/2-1/2"]
[WhiteElo "2548"]
[BlackElo "2495"]
[Annotator "TA"]
[PlyCount "69"]
[EventDate "2017.??.??"]
[EventType "team-tourn"]
[EventCountry "AUT"]
[SourceTitle "playchess.com"]
[Source "ChessBase"]
[SourceQuality "1"]
[WhiteTeam "Hohenems"]
[BlackTeam "Bregenz"]

{[%evp 15,69,6,14,11,11,0,17,0,75,70,87,8,10,18,38,31,38,41,41,0,0,0,0,0,0,0,0,0,0,0,0,0,0,0,0,0,0,0,0,0,0,-8,-4,-35,-52,-78,-78,-78,-77,-77,-76,-87,-54,-129,-10,-10]} 1. e4 c5 2. Nf3 d6 3. Bb5+ Nd7 4. O-O a6 5. Bxd7+ Bxd7 6. d4 cxd4 7. Qxd4 e5 8. Qd3 h6 9. c4 {B51: Sicilian: Moscow Variation (3 Bb5+) without 3...Bd7} b5 10. b3 Nf6 11. Ba3 Bc6 $146 (11... Rc8 $11) (11... bxc4 12. bxc4 Rc8 13. Nc3 Qc7 14. Rac1 Qxc4 15. Qd2 Qe6 16. Nd5 Nxd5 17. exd5 {1-0 (57) Kabanov,N (2496)-Inarkiev,E (2666) Vladivostok 2014}) 12. Nc3 $16 Qa5 {Hoping for ...b4.} 13. Bb2 (13. Bxd6 $6 Rd8 14. c5 (14. Nxe5 Rxd6 15. Nd5 Bb7 $11) 14... Bxd6 15. cxd6 b4 $11) (13. Nxe5 $1 $16 dxe5 14. Bxf8) 13... Be7 $11 14. Nd5 bxc4 15. Nxf6+ (15. Qxc4 Bxd5 16. exd5 O-O $17) 15... Bxf6 16. Qxd6 ({Much weaker is} 16. bxc4 O-O $15) 16... Bxe4 17. Nxe5 {Threatening mate with Qd7+.} Rd8 {[%cal Ba8d8,Bd8d6,Bd6g6][%mdl 32]} 18. Nxc4 Rxd6 19. Nxa5 Bxb2 20. Nc4 Rg6 21. Rae1 Rxg2+ 22. Kh1 Rg4+ 23. f3 O-O 24. Rxe4 ({Much worse is} 24. Nxb2 Bd5 $17) 24... Rxe4 25. fxe4 {[%mdl 4096] Endgame KRB-KRN} Bc3 26. Rc1 Bb4 27. Nb6 f5 28. Nd5 Ba3 29. Rc6 fxe4 30. Rxa6 {[#]} Bc5 $1 31. Re6 {[#]} Rf1+ $1 32. Kg2 Rf2+ 33. Kg3 Rxa2 {...Rd2 is the strong threat.} 34. b4 ({Better is} 34. Nc3 $15 Rb2 35. Nxe4) 34... Bg1 ({Black should try} 34... Kf7 $17 35. Rc6 Bg1) 35. h4 $1 1/2-1/2